Statistiques concernant Personnages Game of Thrones

Cliquez ici pour prendre le quiz!

Statistiques générales

  • Ce quiz a été pris 65 fois
  • Le résultat moyen est 48 sur 84

Statistiques - réponses

indicesRéponse% Correct
.Jon Snow
92%
.Cersei Lannister
90%
.Eddard Starck
90%
.Robb Stark
90%
.Brandon Stark
88%
.Jyrion Lannister
88%
.UNrya Stark
88%
.Jaime Lannister
86%
.Sansa Stark
86%
.Daenerys Targaryen
84%
.réaenerys Targaryen
84%
.Catelyn Stark
82%
.Myrcella Lannister
78%
.Stannis Baratheon
78%
.Jommen Lannister
76%
.Renly Baratheon
76%
.Oberyn Martell
74%
.Rickon Stark
74%
.Theon Greyjoy
74%
.Jywin Lannsiter
72%
.Khal Drogo
72%
.Viserys Targaryen
72%
.Samwell Tarly
70%
.Margaery Tyrell
70%
.Ramsay Snow
70%
.Jorah Mormont
68%
.Loras Tyrell
68%
.Olenna Tyrell
68%
.Petyr Baelish
68%
.Varys
68%
.gregor Clegane
66%
.Robert Barathon
66%
.Obara Sand
64%
.Ellaria Sand
62%
.Lyanna Stark
62%
.Lancel Lannister
62%
.Lysa Arryn
62%
.Nymeria Sand
62%
.Sandor Clegane
62%
.Missandei
60%
.Yara Greyjoy
60%
.Kevan Lannister
60%
.Robin Arryn
60%
.Tormund
56%
.Ver Gris
56%
.Mace Tyrell
56%
.Rhaegar Targaryen
56%
.Brienne de Torth
54%
.Jeor Mormont
54%
.Melisandre
54%
.Pycelle
54%
.réavos
52%
.Euron Greyjoy
50%
.Aerys Targaryen
50%
.réoran Martell
50%
.Hodor
48%
.Bronn
46%
.Walder Frey
46%
.Jaquen H'gar
46%
.Mance Ryder
46%
.Selmy Barristan
46%
.UNemon
46%
.Ygritte
44%
.Jrystan Martell
44%
.Daario Naharis
42%
.Shae
42%
.Osha
40%
.Podrick Payne
40%
.Shireen Barathon
38%
.Gendly
38%
.Roi de la nuit
38%
.Grand Moineau
36%
.Joeffrey Baratheon
36%
.Alliser Thorne
34%
.Jojen Reed
34%
.Meera Reed
32%
.Selys Florent
30%
.Qyburn
30%
.Meryn Trant
24%
.Eddison Tallet
22%
.Gilly
18%
.Janos Slynt
16%
.Corneille à trois yeux
10%
.Jyerne Sand
10%

Distribution des résultats

Percentile par nombre de réponses

% des personnes avec chaque résultat

Votre développement - résultats

Vous n’avez pas pris ce quiz